000 01306nam0a2200349 4500
001 RU\NLR\BIBL_A\010433935
005 20260406085343.0
010 _a978-5-9922-1690-5
_96000
021 _aRU
_b2014-37977
_92313
035 _a(NILC)RuMoRGB-007499984
035 _a(NLR Aleph) 010433935
090 _a9862148
_c9862148
100 _a20140723d2014 |||y0rusy50 ca
101 0 _arus
102 _aRU
105 _aa|||z|||000ay
200 1 _aТемный мастер
_e[фантастический] роман
_fАнна Степанова
_g[худож. В. Успенская]
210 _aМосква
_cАрмада
_cАльфа-книга
_d2014
215 _a343, [1] с.
_cил.
_d21
225 1 _aМагия фэнтези
_vвып. 517
333 _a16+
686 2 _aШ6(2=Р)8-445
700 1 _aСтепанова
_bА. А.
_cписатель
_f1982-
_gАнна Анатольевна
_9143530
_3RU\NLR\AUTH\770143566
702 1 _4040
_8rus
_7ca
_aУспенская
_bВ. Ю.
_cхудожник
_f1964-
_gВера Юрьевна
_3RU\NLR\AUTH\7754853
_937785
801 0 _aRU
_bРГБ
_c20140530
_gRCR
801 1 _aRU
_bРГБ
_c20140530
_2rusmarc
942 _cBOOK
980 _aNBR
980 _aNB